Guess the Fusion Rock Song Lyrics #327 - Statistics

General Stats
  • This quiz has been taken 12 times
  • The average score is 84 of 129
Answer Stats
Answer % Correct
a
100%
and
100%
I
100%
love
100%
me
100%
my
100%
the
100%
to
100%
You
100%
you
100%
your
100%
You're
100%
it's
89%
They
89%
this
89%
too
89%
win
89%
at
78%
But
78%
Can't
78%
gone
78%
know
78%
lose
78%
mine
78%
not
78%
right
78%
said
78%
Some
78%
some
78%
time
78%
gonna
67%
Good
67%
got
67%
heart
67%
I'd
67%
life
67%
There's
67%
away
56%
down
56%
stay
56%
they're
56%
thing
56%
will
56%
around
44%
Find
44%
find
44%
gotta
44%
keeps
44%
long
44%
play
44%
town
44%
try
44%
33
33%
blues
33%
Charlie's
33%
ease
33%
kid
33%
pain
33%
pills
33%
rain
33%
tellin
33%
waste
33%
wife
33%
believe
22%
caught
22%
Danny O'Keefe
22%
Everybody's
22%
everybody's
22%
freight
22%
guess
22%
leavin
22%
plane
22%
settle
22%
soul
22%
sunshine
22%
wastin
11%
leave
0%
No matching quizzes found
Score Distribution
Percent of People with Each Score
Percentile by Number Answered
Your Score History
You have not taken this quiz